[Event "Krakow op-A 28th"]
[Site "Krakow"]
[Date "2017.12.29"]
[Round "3"]
[White "Zavialov, Volodymyr"]
[Black "Radovic, Stefan"]
[Result "1-0"]
[WhiteElo "2150"]
[BlackElo "2080"]
[PlyCount "71"]
[EventDate "2017.12.27"]
[EventType "swiss"]
[EventRounds "9"]
[EventCountry "POL"]
[SourceTitle "CBM 182 Extra"]
[Source "ChessBase"]
[SourceDate "2018.02.23"]
[SourceVersion "1"]
[SourceVersionDate "2018.02.23"]
[SourceQuality "1"]

1. d4 Nf6 2. Bf4 d5 3. e3 c5 4. c3 Nc6 5. Nd2 e6 6. Ngf3 Bd6 7. Ne5 Qc7 8. Ndf3 Ne4 9. Bd3 f6 10. Nxc6 Bxf4 11. Nce5 Bxe5 12. dxe5 f5 13. 0-0 0-0 14. c4 Rd8 15. Qc2 b6 16. Rac1 Bb7 17. cxd5 Bxd5 18. Bc4 Bxc4 19. Qxc4 Rd5 20. h3 Rad8 21. b4 Qd7 22. bxc5 Rxc5 23. Qb3 Rd5 24. Rc4 Nc5 25. Qc2 Rd1 26. Rd4 Rxd4 27. exd4 Ne4 28. Rc1 Kf7 29. Qc4 h5 30. h4 Ke7 31. Qa6 Kf7 32. a4 Qe7 33. Rc6 Qd7 34. Qc4 Qd5 35. g3 Kg6 36. Qxd5 1-0

[Event "Sunny Beach op-B 13th"]
[Site "Sunny Beach"]
[Date "2014.09.14"]
[Round "9"]
[White "Zavialov, Volodymyr"]
[Black "Vladimirov, Ivo"]
[Result "1-0"]
[WhiteElo "2178"]
[BlackElo "2068"]
[PlyCount "61"]
[EventDate "2014.09.06"]
[EventType "swiss"]
[EventRounds "9"]
[EventCountry "BUL"]
[SourceTitle "CBM 162 Extra"]
[Source "ChessBase"]
[SourceDate "2014.10.17"]
[SourceVersion "1"]
[SourceVersionDate "2014.10.17"]
[SourceQuality "1"]

1. d4 d5 2. Nf3 e6 3. c4 Nf6 4. Nc3 Be7 5. Bg5 c6 6. e3 0-0 7. Qc2 Nbd7 8. Bd3 dxc4 9. Bxc4 b5 10. Be2 Bb7 11. 0-0 a6 12. Rad1 Re8 13. e4 Rc8 14. e5 Nd5 15. Bxe7 Qxe7 16. Ne4 Rc7 17. Nd6 Rb8 18. Bd3 g6 19. Qd2 f6 20. Qh6 c5 21. exf6 N7xf6 22. Nxb7 Rbxb7 23. dxc5 Rxc5 24. Rfe1 Rb8 25. Be4 Nxe4 26. Rxe4 Nf6 27. Re2 e5 28. b4 Ng4 29. Qd2 Rc6 30. h3 Nf6 31. Nxe5 1-0

[Event "Sunny Beach op-B 13th"]
[Site "Sunny Beach"]
[Date "2014.09.07"]
[Round "2"]
[White "Zavialov, Volodymyr"]
[Black "Yordanova, Svetla"]
[Result "1/2-1/2"]
[WhiteElo "2178"]
[BlackElo "2076"]
[PlyCount "66"]
[EventDate "2014.09.06"]
[EventType "swiss"]
[EventRounds "9"]
[EventCountry "BUL"]
[SourceTitle "CBM 162 Extra"]
[Source "ChessBase"]
[SourceDate "2014.10.17"]
[SourceVersion "1"]
[SourceVersionDate "2014.10.17"]
[SourceQuality "1"]

1. c4 Nf6 2. Nc3 g6 3. g3 Bg7 4. Bg2 0-0 5. e4 d6 6. Nge2 e5 7. d3 Be6 8. 0-0 Nc6 9. Rb1 a5 10. Nd5 Nd7 11. f4 f5 12. Be3 Nd4 13. Qd2 c6 14. Ndc3 a4 15. b4 Nxe2+ 16. Nxe2 fxe4 17. Bxe4 Nf6 18. Bg2 Ng4 19. b5 d5 20. bxc6 bxc6 21. Bc5 dxc4 22. Bxf8 Bxf8 23. h3 cxd3 24. hxg4 dxe2 25. Qxe2 Qd4+ 26. Kh2 Bc4 27. Qxe5 Qxe5 28. fxe5 Bxf1 29. Rxf1 Re8 30. Bxc6 Rxe5 31. Bxa4 Re2+ 32. Kh3 Bc5 33. Bb3+ Kg7 1/2-1/2

[Event "Kesarovski Georgiev Memorial 11th"]
[Site "Sunny Beach"]
[Date "2012.09.08"]
[Round "8"]
[White "Tashkov, Rumen"]
[Black "Zavialov, Volodymyr"]
[Result "1/2-1/2"]
[WhiteElo "2230"]
[BlackElo "2158"]
[PlyCount "73"]
[EventDate "2012.09.01"]
[EventType "swiss"]
[EventRounds "9"]
[EventCountry "BUL"]
[SourceTitle "CBM 150 Extra"]
[Source "ChessBase"]
[SourceDate "2012.10.19"]
[SourceVersion "1"]
[SourceVersionDate "2012.10.19"]
[SourceQuality "1"]

1. d4 d6 2. g3 e5 3. dxe5 dxe5 4. Qxd8+ Kxd8 5. Bg2 c6 6. f4 exf4 7. Bxf4 Na6 8. Nc3 Ne7 9. 0-0-0+ Ke8 10. Nf3 Ng6 11. Ne5 Nxe5 12. Bxe5 f6 13. Bf4 Bb4 14. Ne4 Be6 15. a3 Be7 16. Nd6+ Bxd6 17. Bxd6 Nb8 18. b4 a6 19. Rd3 Nd7 20. Rhd1 Nb6 21. g4 Nc4 22. Bg3 Ke7 23. h3 Rad8 24. Be4 g6 25. Bf2 Rc8 26. Bc5+ Kf7 27. Rf1 Ne5 28. Re3 Nd7 29. Bd4 Rhf8 30. Bd3 b5 31. Rf4 Rce8 32. Ref3 g5 33. Re4 Bd5 34. Rxe8 Rxe8 35. Rf2 Be4 36. Kd2 h6 37. e3 1/2-1/2

[Event "Kesarovski Georgiev Memorial 11th"]
[Site "Sunny Beach"]
[Date "2012.09.03"]
[Round "3"]
[White "Zavialov, Volodymyr"]
[Black "Kuzmin, Sergej"]
[Result "1/2-1/2"]
[WhiteElo "2158"]
[BlackElo "1861"]
[PlyCount "80"]
[EventDate "2012.09.01"]
[EventType "swiss"]
[EventRounds "9"]
[EventCountry "BUL"]
[SourceTitle "CBM 150 Extra"]
[Source "ChessBase"]
[SourceDate "2012.10.19"]
[SourceVersion "1"]
[SourceVersionDate "2012.10.19"]
[SourceQuality "1"]

1. d4 Nf6 2. c4 g6 3. Nc3 Bg7 4. e4 d6 5. f3 0-0 6. Be3 e5 7. d5 Nbd7 8. Qd2 a5 9. Bd3 Nc5 10. Nge2 Nxd3+ 11. Qxd3 b6 12. Qd2 Ne8 13. g4 f5 14. gxf5 gxf5 15. Bg5 Bf6 16. h4 f4 17. 0-0-0 Kh8 18. Rdg1 Rg8 19. Bxf6+ Qxf6 20. Rxg8+ Kxg8 21. Nb5 Bd7 22. Nec3 Bxb5 23. Nxb5 Rd8 24. Qg2+ Qg7 25. Qh2 Kh8 26. Rg1 Qf7 27. Qh3 Ng7 28. Rg5 Rg8 29. Na7 Ne8 30. Nc6 Rxg5 31. hxg5 Kg8 32. Nd8 Qe7 33. Ne6 Ng7 34. Qh6 Qf7 35. Qh3 Qe7 36. Qg4 Kf7 37. Nxg7 Kxg7 38. Qf5 Qf7 39. Kd2 Qg6 40. Qd7+ Qf7 1/2-1/2